Quizzes
Events
Quiz Creation
Community
Videos
Private Events
Remove Ads
Sign In
Join for FREE
Feedback
Dark Mode
Quiz Categories
Sports
Geography
Music
Movies
Television
Just For Fun
Miscellaneous
History
Literature
Language
Science
Gaming
Entertainment
Religion
Holiday
For Kids
Quiz Lab
Recent
Popular Today
Quiz Kudos Today
Editor Picks
Curator Picks
Quizzes by...
Day
Popularity
Type
Ratings
Length
Year
Community
Subscriptions
Recent Discussions
Orange Saloon
Badges
Playlists
Quests
Create
Leaderboards
Showdown
Live 5
Trivia Bingo
Activity
Puzzle Library
Sporcle Events
Private Events
Virtual Trivia
Globe League
Become a Host
Pub Owners
SporcleCon
Opinionation
Our Games
Videos
Blog
Mobile Apps
Partnerships
Remove Ads and Go Orange
Feedback
Geography
Country
Landmarks
City
State
Population
World
Capital
Continent
Flags
Europe
Africa
Asia
South America
North America
Oceania
Border
Canada
United Kingdom
Topography
United States
Geography
Country
Landmarks
City
State
Population
World
Capital
Continent
Flags
Europe
Africa
Asia
South America
North America
Oceania
Border
Canada
United Kingdom
Topography
United States
Random Quiz
Search Sporcle
×
Quiz Lab
Quiz Lab
Geography
United States
Type in answers that appear in a list
Type in answers that appear in a list
Classic
Best Score? Go Orange.
West USA Geography Profile Stats
Can you name the geographical facts about the West (as defined by the US Census)?
By
Roxelana
10m
90 Questions
2,271 Plays
2,271 Plays
2,271 Plays
Comments
Comments
Give Quiz Kudos
Give Quiz Kudos
-
- Ratings
hide this ad
Replay
Link that replays current quiz
Next Quiz
Link to next quiz in quiz playlist
You Got
0%
They Got
Avg Score
74%
Avg Friend Score
Upgrade to see
Score Distribution
Jump to the score distribution portion of the page
Score
0/90
Timer
10:00
0
Plays Today
Category
% Correct
States
California
97.9%
States
Washington
96.8%
States
Oregon
96.6%
States
Arizona
96.4%
Emerging Megaregions of the West
Arizona Sun Corridor
96.4%
States
Colorado
96.1%
Longest Rivers running through the region
Colorado River
96%
States
Montana
95.9%
States
New Mexico
95.7%
States
Idaho
95.6%
States
Nevada
95.6%
Twenty Five Largest Metros
Los Angeles-Long Beach-Santa Ana
95.5%
Twenty Five Largest Cities
Los Angeles, CA
95.3%
States
Utah
95.3%
State Capitals
Sacramento, CA
94.9%
Twenty Five Largest Cities
Sacramento, CA
94.9%
Twenty Five Largest Metros
Sacramento-Arden-Arcade-Roseville
94.9%
States
Wyoming
94.7%
Twenty Five Largest Metros
Phoenix-Mesa-Glendale
94.2%
State Capitals
Phoenix, AZ
94.1%
Twenty Five Largest Cities
Phoenix, AZ
94.1%
State Capitals
Denver, CO
93.4%
Twenty Five Largest Cities
Denver, CO
93.4%
Twenty Five Largest Metros
Denver-Aurora-Broomfield
93.4%
States
Alaska
92%
State Capitals
Salt Lake City, UT
92%
Twenty Five Largest Metros
Salt Lake City
92%
Twenty Five Largest Metros
San Francisco-Oakland-Fremont
91.8%
States
Hawaii
91.5%
Twenty Five Largest Cities
San Francisco, CA
91%
Category
% Correct
Twenty Five Largest Metros
Seattle-Tacoma-Bellevue
90.8%
State Capitals
Boise, ID
90.5%
Twenty Five Largest Metros
Boise-Nampa
90.5%
Twenty Five Largest Metros
San Diego-Carlsbad-San Marcos
90.1%
Twenty Five Largest Cities
San Diego, CA
90%
Twenty Five Largest Cities
Seattle, WA
90%
Bordering Ocean
Pacific Ocean
89.7%
Sub-
Regions
Pacific
89.7%
State Capitals
Honolulu, HI
89%
Twenty Five Largest Cities
Honolulu, HI
89%
Twenty Five Largest Metros
Honolulu
89%
State Capitals
Carson City, NV
86.4%
State Capitals
Santa Fe, NM
86.3%
Twenty Five Largest Metros
Portland-Vancouver-Hillsboro
86.1%
Twenty Five Largest Cities
Portland, OR
86%
State Capitals
Juneau, AK
85.9%
State Capitals
Helena, MT
85.1%
State Capitals
Olympia, WA
84.8%
State Capitals
Salem, OR
84.6%
Twenty Five Largest Cities
Las Vegas, NV
84.3%
Twenty Five Largest Metros
Las Vegas-Paradise
84.3%
State Capitals
Cheyenne, WY
83.8%
Emerging Megaregions of the West
Southern California
81.6%
Emerging Megaregions of the West
Northern California
81%
Twenty Five Largest Metros
San Jose-Sunnyvale-Santa Clara
78.3%
Twenty Five Largest Cities
San Jose, CA
77.8%
Lowest Point in America
Death Valley National Park
72.9%
Twenty Five Largest Cities
Oakland, CA
72.7%
Twenty Five Largest Cities
Albuquerque, NM
71.3%
Twenty Five Largest Metros
Albuquerque
71.3%
Category
% Correct
Tallest Mountain in America
Mt. McKinley, AK
68.7%
Twenty Five Largest Cities
Tucson, AZ
67.1%
Twenty Five Largest Metros
Tucson
67.1%
Emerging Megaregions of the West
Cascadia
66.8%
Twenty Five Largest Cities
Colorado Springs, CO
60.9%
Twenty Five Largest Metros
Colorado Springs
60.9%
Emerging Megaregions of the West
Front Range
57.6%
Twenty Five Largest Cities
Long Beach, CA
57.5%
Twenty Five Largest Cities
Anchorage, AK
57%
Twenty Five Largest Cities
Fresno, CA
54.7%
Twenty Five Largest Metros
Fresno
54.7%
Twenty Five Largest Cities
Mesa, AZ
53.5%
Sub-
Regions
Mountain
52.8%
Twenty Five Largest Metros
Riverside-San Bernardino-Ontario
52.7%
Twenty Five Largest Cities
Riverside, CA
48.3%
Twenty Five Largest Cities
Anaheim, CA
47.1%
Twenty Five Largest Cities
Bakersfield, CA
44.2%
Twenty Five Largest Metros
Bakersfield-Delano
44.2%
Twenty Five Largest Cities
Santa Ana, CA
43.9%
Twenty Five Largest Cities
Aurora, CO
38.8%
Twenty Five Largest Metros
Provo-Orem
31.4%
Tallest Mountain in the contiguous US
Mt. Whitney, CA
30.5%
Longest Rivers running through the region
Columbia River
29.9%
Twenty Five Largest Cities
Stockton, CA
27.2%
Twenty Five Largest Metros
Stockton
27.2%
Twenty Five Largest Metros
Modesto
18.8%
Twenty Five Largest Metros
Oxnard-Thousand Oaks-Ventura
15.5%
Longest Rivers running through the region
Yukon River, AK
13.7%
Twenty Five Largest Metros
Ogden-Clearfield
13.4%
Twenty Five Largest Metros
Santa Rosa-Petaluma
9.7%
Quiz Playlist
Details
Report
Send in Message
Add To Playlist
Classic:
Type in answers that appear in a list
Quiz Source
Last Updated: Sep 15, 2017
Quiz Scoreboard
CHALLENGE
Sign Up to Join the Scoreboard
Show All
Scores
Hide
Comments
May contain spoilers
Recently Published
Presidents Visiting Landmarks
by Hejman
History
7m
An Introduction to Baseball
by treessimontrees
Sports
5m
Movies - When Are They Set?
by FPL_Elf
Movies
5m
More to Explore
Quiz From the Vault
Featured Blog Post
Where Did the Easter Bunny Come From?
hide this ad
You Might Also Like...
Tags
Definition Quiz
United States Quiz
Category
census
data
profile
Relevant
US Census
West
Today's Top Quizzes in Geography
Browse Geography
hide this ad
Today's Top Quizzes in United States
Browse United States
Top Contributed Quizzes in Geography
1
Countries of the World - No Outlines Minefield
2
Top 25 Cities of France on a map
3
Any capital of a 'B' country per Continent
4
Closest Countries to UK A-Z
5
Any capital of a 'C' country per Continent
6
One Thing in Common: United Kingdom
7
Any capital of a 'D' country per Continent
8
5-to-1: US Geography No Hints
9
Any capital of an 'E' country per Continent
10
Find the Provinces of Canada - No Outlines Minefield
Explore More
Trending Topics
Anime
Marvel
Disney
Crossword
Kpop
Harry Potter
NBA
NFL
Pokémon
Soccer
WWE
Song
Puzzle
Country
The Office
hide this ad
More By:
Roxelana
Quiz
Plays
Rating
Category
Featured
Created
US States in Eastern Time Zone
77,831
4.66
Geography
Jul 15, 2011
US States in Central Time Zone
56,876
4.47
Geography
Jul 15, 2011
US States in Mountain Time Zone
36,076
4.14
Geography
Jul 15, 2011
War in the USA
5,884
4.22
Geography
Jan 9, 2011
USA Geography Profile
4,793
4.42
Geography
Jan 2, 2011
Go to Creator's Profile
Score Distribution
Quiz Creator Spotlight
Roxelana
Follow
Send a Message
Quizzes Created
-
Created Quiz Play Count
-
More By This Creator
Popular Quizzes Today
1
Find the US States - No Outlines Minefield
2
Find the Countries of Europe - No Outlines Minefield
3
The Countries of the World
4
Find the US States
5
Popular People in 1961
6
US States
7
Risky Map Clicking: Biggest States A-Z
8
Movies - When Are They Set?
More Geography Quizzes
USA by Unique 3-Letter Combos
Published
Trending Quizzes
Risky Map Clicking: Least Populous States A-Z
1-10 Letter G Words
1-10 Letter F Words
Risky Map Clicking: Next State Alphabetically
Risky Map Clicking: Biggest States A-Z
Recently Updated
Leaping Animals
pecheneg
Reality TV Shows (A-Z)
bhenderson79
Rickey Henderson's Hall of Fame Teammates
pecheneg
Champions League XIs: Arsenal
pecheneg
Quick Pick: Celebrities in WWE's Hall of Fame
aduchscher
A-Z Keypad Blitz II
pecheneg
Multiple Oscar Actors
pecheneg
Mystery Phrase Blitz: Oscar 'Best Actors'
pecheneg
F. Scott Fitzgerald Novels
LTH
Pick 3 Villains
ddd62291
Trending Topics
Marvel
Crossword
Disney
NBA
Kpop
Harry Potter
Anime
Puzzle
NFL
Song
Country
WWE
Pokémon
The Office
Soccer
Your Account Isn't Verified!
In order to create a playlist on Sporcle, you need to verify the email address you used during registration. Go to your
Sporcle Settings
to finish the process.
Report this User
Report this user for behavior that violates our
Community Guidelines
.
Details:
Send Report
Go to the Sporcle.com Mobile Site →
Comments